000 00697nam a2200253Ia 4500
003 OSt
005 20220918164920.0
006 a|||||r|||| 00| 0
007 ta
008 220917b |||||||| |||| 00| 0 eng d
020 _a0813391431 (pbk)
024 _a174,222
037 _cTextual
040 _aARTS
_cARTS
_beng
041 _2eng
_aeng
082 _aY0aQ, P0 (SC)
100 _aWexler Philip
_921667
245 0 _aMystical society
_b an emerging social vision
260 _aAmerica
_bWestview Press
_c2000
300 _avii, 166p.
_ccm.
650 _aSOCIOLOGY; RELIGION
_921668
942 _hY0aQ, P0 (SC)
_cTEXL
_2CC
999 _c127390
_d127390